Building terminology (Record no. 36324)

MARC details
000 -LEADER
fixed length control field 00461nam a2200133 a 4500
008 - FIXED-LENGTH DATA ELEMENTS--GENERAL INFORMATION
fixed length control field 120416s1989 xx |||||||||||||| || u
050 ## - LIBRARY OF CONGRESS CALL NUMBER
Classification number REF TH 9 Bre
100 ## - MAIN ENTRY--PERSONAL NAME
Personal name Brett, Peter
245 10 - TITLE STATEMENT
Title Building terminology
246 ## - VARYING FORM OF TITLE
Title proper/short title an illustrated reference guide for practioners and students
260 ## - PUBLICATION, DISTRIBUTION, ETC.
Date of publication, distribution, etc. 1989
350 ## - PRICE (NR) (BK AM CF MU VM SE) [OBSOLETE]
Price 0.00
995 ## - RECOMMENDATION 995 [LOCAL, UNIMARC FRANCE]
-- 0.00
-- CBU-MAIN LIBRARY (Kitwe)
-- 1
-- 37.00
-- 1
-- DAMAGED
-- Reference Collection
Holdings
Withdrawn status Lost status Source of classification or shelving scheme Damaged status Not for loan Home library Current library Shelving location Date acquired Total Checkouts Full call number Barcode Date last seen Price effective from Koha item type
          CBU-MAIN LIBRARY, KITWE. CBU-MAIN LIBRARY, KITWE.   11/30/2022   REF TH 9 Bre 023282 11/30/2022 11/30/2022 MONOGRAPH